00866nam a2200241Ia 4500001000600000003000900006008004100015040001300056040001300069041001300082100001900095100002900114245005000143245009300193250001100286260001900297260001500316260004900331300005900380500014000439650001400579650003100593A8206IT-RoPAU130308s9999 xx 000 0 und d aIT-RoPAU cIT-RoPAU aITALIANO aFontana Andrea gCodice Aut. SPICS: 36424 aFanciulli e il sacramento della penitenza (I) bPenitenza (La)-Studi Biblici, Teologici e Pastorali. Il Nuovo rito della Riconciliazione a1a ed. aTORINO/LEUMANN bElle Di Ci c1976 [1° Ed.:1976 - Ed.Ling.Originale:1976] a"14 p. (prefazione: no ; testo: 14 [pagine: 248-261])" aSingificato della Penitenza per I Fabnciulli. presentazione della Penitenza Ai Fanciulli. celebrazione della Penitenza con I Fanciulli. aPENITENZA eCodice materia Spics: 9154